000
00285nam a2200109Ia 4500
008
200302s9999 xx 000 0 und d
100
_a
R. A. Burgess & Other
245
_a
Building Production and Project Management
260
_b
The Construction Press
260
_c
1979
300
_a
274 P.,
999
_c
135
_d
135